000 00461nam a2200169Ia 4500
008 090711s9999 xx 000 0 und d
082 _b21838
100 _aवाळिंबे वि. स.
245 _aगरुडझेप
260 _c1969
300 _a177
600 _aवाळिंबे वि. स.
630 _aगरुडझेप
700 _aवाळिंबे वि. स.
730 _aगरुडझेप
942 _cBOOK
999 _c315948
_d315948